Comparar lo incomparable: alegato en favor de una ciencia histórica comparada
Salvato in:
| Autore principale: | |
|---|---|
| Natura: | Libro |
| Lingua: | spagnolo |
| Pubblicazione: |
Barcelona
Península
2001
|
| Edizione: | 1a. ed |
| Serie: | Historia, Ciencia, Sociedad, 319
|
| Soggetti: | |
| Tags: |
Aggiungi Tag
Nessun Tag, puoi essere il primo ad aggiungerne!!
|
MARC
| LEADER | 00000nam a2200000 a 4500 | ||
|---|---|---|---|
| 001 | UCJ1916 | ||
| 003 | CL-VaPUC | ||
| 008 | 061117e20010000SP |||||||||||||||||spa|d | ||
| 020 | |a 8483073900 | ||
| 082 | 0 | 4 | |a 509 |b DET |2 21 |
| 100 | 0 | |a Detienne, Marcel |e author |9 502715 | |
| 245 | 1 | 0 | |a Comparar lo incomparable: alegato en favor de una ciencia histórica comparada |
| 250 | |a 1a. ed | ||
| 300 | |a 127 p | ||
| 942 | |c BK | ||
| 945 | |d 20061117 00:00:00 |a jtorresc | ||
| 260 | |a Barcelona |b Península |c 2001 | ||
| 650 | 7 | |a CIENCIA HISTORIA |2 CL-VaPUC |9 263304 | |
| 650 | 0 | |a Crítica e interpretación |9 255042 | |
| 650 | 0 | |a Historiadores |9 314498 | |
| 583 | |a last modification |c 20061117 00:00:00 |k Rodrigo Vera | ||
| 490 | 0 | |a Historia, Ciencia, Sociedad, 319 | |
| 999 | |c 318348 |d 318346 | ||
| 952 | |0 0 |1 0 |4 0 |6 509_000000000000000_DET_2001 |7 0 |8 A |9 396105 |a BIBHIS |b BIBHIS |d 2019-11-22 |i 4290631 |o 509 DET 2001 |p 4290631 |r 2025-01-20 |w 2019-11-22 |y BK |k HIS | ||